Регионална библиотека "Любен Каравелов" - Русе

Стационарен Одисей (Запис номер 492705)

MARC детайли
000 -Лидер
Лидер 01406nam a2200301 a 4500
003 - Код на организацията, давaща контролен номер
Код на организацията, даваща контролен номер BLK
005 - Дата и час на последна редакция
Дата и час на последна редакция 20240303003957.0
008 - Елементи от данни с фиксирана дължина
Елементи с фиксирана дължина 180411b bul|||||r ||||||| ||bul||
020 ## - Международен стандартен номер на книга ISBN
ISBN 9789547401501
040 ## - Източник на каталожния запис
Код на библиотеката BLK
041 ## - Код за език
Език Български
Език за КДБФ Български
080 ## - УДК
УДК текст Българска литература
УДК код 821.163.2
УДК – определител -1
УДК – код + определител 821.163.2-1
100 ## - Редна дума - Автор
Автор Ганчев, Марко
Биография на автора Писател и поет, сатирик, преводач от немски и белоруски
Години, свързани с автора 1932-
Пълна форма на името Маринов, Марко Ганчев
R(LIN) 267403
245 10 - Сведения за заглавието
Заглавие Стационарен Одисей
Подзаглавни данни Книга на предците и на потомците (1952-2023)
Авторска отговорност Марко Ганчев.
257 ## - Страна на издаване
Страна на създаване/издаване България
260 ## - Област на издателските данни
Място на издаване София
Име на издателя Лит. форум
Година на издаване 2023
Печатница София : Симолини
9 (RLIN) 209534
Издателство - префикс ISBN 978-954-740- ; 954-8121-
300 ## - Физическа характеристика
Брой страници 112 с.
Размер 20 см
380 ## - Жанр
Жанр Худож. лит.
490 ## - СЕРИИ (Колекции)
Серия Библиотека Българска сбирка
9 (RLIN) 201763
Номер в серията 85
500 ## - Общи забележки
Обща забележка Пълното име на авт. е Марко Ганчев Маринов. - Биогр. данни за авт. отбелязани на гърба на кор.
700 1# - Други автори (авторска отговорност)
Друг автор Маринов, Марко Ганчев
9 (RLIN) 373605
852 ## - Местоположение
Сигнатура (форматна) Цб 318647
Отдел Хранилище
856 ## - Електронен адрес и достъп
Инструкция (цена за достъп) 0.00
Права за достъп disable
942 ## - АРТИКУЛИ
Вид на библиотечния документ Книги
Скрит в OPAC Не
Периодичен библиозапис Да
944 ## - СЪЗДАВАНЕ И РЕДАКЦИЯ на ЗАПИСА
Създаване/Редакция Създаване
Дата на регистрацията/редакция 2023-07-11
Служител, извършил регистрацията/редакцията
Номер на служител CRON CRON
999 ## - СИСТЕМНИ КОНТРОЛНИ НОМЕРА
Koha biblionumber 492705
Koha biblioitemnumber 492705
999 ## - СИСТЕМНИ КОНТРОЛНИ НОМЕРА
Koha biblioitemnumber 492705
Наличности
Код за отписване Код за изгубен артикул Източник на класификационната схема Код за повреда Коз за рестрикции Код за отдаване Артикулен № Име на библиотеката - собственик Име на библиотеката, в която се намира в момента Статус (Текущо местоположение) Дата на вписване в системата Местоположение - отдел Цена в лева Инвентарен номер Систематично азбучна сигнатура Баркод Цена в евро Служебен тип на артикула
  Не е изгубен Universal Decimal Classification Не е повреден само за читалня ползва се в читалня 930250 Регионална библиотека "Любен Каравелов" Русе Регионална библиотека "Любен Каравелов" Русе Хранилище 2023-07-14 Хранилище 5.00 120000889601 Цб 318647 120000889601 2.56 Книги
Vip Innovations Ltd, Rousse, Bulgaria 2025